000 00854cam a2200265 i 4500
001 000012985
003 DO-SdBNP
005 20240826111306.0
007 ta
008 810401s1980 ck 000 0 spa
040 _aDO-SdBNP
_bspa
_cBNPHU
_erda
082 4 _a362.295
_bC419n, 1980
_222
100 1 _aCervantes Angulo, José,
_d1945-
_929935
_eautor
245 1 3 _aLa noche de las luciernagas /
_cJosé Cervantes Angulo.
250 _aSegunda edición
264 _aBogotá, (Colombia) :
_bEditora Plaza & Janes,
_c1980.
300 _a313 páginas ;
_c19 cm.
336 _2rdacontent
_atexto
_btxt
337 _2rdamedia
_asin mediación
_bn
338 _2rdacarrier
_avolumen
_bnc
490 1 _aNarrativa colombiana
_aLibro documento
650 4 _aMarihuana
_929936
650 4 _aControl de drogas y narcóticos
_zColombia.
_929937
942 _2ddc
_cLBS1
999 _c12632
_d12632